| 000 | 00723nam a2200229 a 4500 | ||
|---|---|---|---|
| 999 |
_c4451 _d4451 |
||
| 001 | 4451 | ||
| 003 | BD-JhCC | ||
| 005 | 20171127183257.0 | ||
| 008 | 171127s2003 bg |||| ||a| 00| 0 en d | ||
| 020 | _a9844103487 | ||
| 035 | _a(BD-JhCC)4451 | ||
| 040 |
_aBD-JhCC _dBD-JhCC |
||
| 041 | _aeng | ||
| 082 |
_a491.44 _bSOH 2003 |
||
| 100 | _aশহীদুল্লা, ডক্টর মুহম্মদ | ||
| 245 |
_aবাঙ্গালা ব্যকরণ / _cডক্টর মুহম্মদ শহীদুল্লা |
||
| 260 |
_aঢাকা : _bমাওলা ব্রাদার্স, _c2003. |
||
| 300 |
_a228 p. : _c22 cm. |
||
| 650 | _aBengali Grammar | ||
| 942 |
_2ddc _cBK |
||